000 00339nam a2200121Ia 4500
008 220217s9999||||xx |||||||||||||| ||und||
082 _a004.165 GOD
100 _aGodse, A.P Godse, D.A
_91199
245 0 _aMicroprocessors and applications
260 _aTechnical publications
_bPune
_c2005
300 _b120
650 _aMICROPROCESSOR
999 _c175155
_d175155